| Tag |
First Indicator |
Second Indicator |
Subfields |
| LEADER |
00000cam a2200000 a 4500 |
| 001 |
in00002636498 |
| 005 |
20151202120239.0 |
| 008 |
100927s2011 enka b 001 0 eng |
| 010 |
|
|
|a 2010041489
|
| 020 |
|
|
|a 9781845411640 (hardback : alk. paper)
|
| 020 |
|
|
|a 1845411641 (hardback : alk. paper)
|
| 020 |
|
|
|a 9781845411633 (pbk. : alk. paper)
|
| 020 |
|
|
|a 1845411633 (pbk. : alk. paper)
|
| 020 |
|
|
|a 9781845411657 (ebook)
|
| 020 |
|
|
|a 184541165X (ebook)
|
| 029 |
1 |
|
|a AU@
|b 000046047690
|
| 029 |
1 |
|
|a HEBIS
|b 228659299
|
| 029 |
1 |
|
|a NZ1
|b 13548294
|
| 035 |
|
|
|a (OCoLC)ocn666878069
|
| 035 |
|
|
|a (OCoLC)666878069
|
| 040 |
|
|
|a DLC
|c DLC
|d YDX
|d YDXCP
|d BWK
|d BWX
|d SINLB
|d UtOrBLW
|
| 049 |
|
|
|a TXAM
|
| 050 |
0 |
0 |
|a QL76
|b .Z754 2011
|
| 082 |
0 |
0 |
|a 590.7/3
|2 22
|
| 245 |
0 |
0 |
|a Zoos and tourism :
|b conservation, education, entertainment? /
|c edited by Warwick Frost.
|
| 264 |
|
1 |
|a Bristol, UK ;
|a Buffalo :
|b Channel View Publications,
|c [2011]
|
| 264 |
|
4 |
|c ©2011
|
| 300 |
|
|
|a ix, 262 pages :
|b illustrations ;
|c 24 cm.
|
| 336 |
|
|
|a text
|b txt
|2 rdacontent
|
| 337 |
|
|
|a unmediated
|b n
|2 rdamedia
|
| 338 |
|
|
|a volume
|b nc
|2 rdacarrier
|
| 490 |
1 |
|
|a Aspects of tourism
|
| 504 |
|
|
|a Includes bibliographical references and index.
|
| 505 |
0 |
|
|a Re-thinking zoos and tourism / Warwick Frost -- Zoo tourism and the conservation of threatened species : a collaborative program in the Phillipines / Corazon Catibog-Sinha -- A typology of animal displays in captive settings / Amir Shani and Abraham Pizam -- Ecotourism and the commodification of wildlife : animal welfare and the ethics of zoos / Stephen Wearing and Chantelle Jobberns -- The rhetoric versus the reality : a critical examination of the zoo proposition / Liam Smith, Betty Weiler and Sam Ham -- Conservation, education or entertainment : what really matters to zoo visitors? / Sharon Linke and Caroline Winter -- Fun, fascination and fear : exploring the construction and consumption of aquarium shark exhibits / John Dobson -- Singapore Zoo and night safari / Joan Henderson -- Heterogeneous spaces of tourism and recreation at Mumbai Zoo, India / Kevin Hannam -- Zoos as tourist attractions : theme parks, protected areas or museums? / Warwick Frost -- Up close and personal : rethinking zoos and the experience economy / Warwick Frost and Jennifer Laing -- Feeding time at the zoo : food service and attraction management / Phillipp Boksberger, Markus Shuckert and Richard Robinson -- The value of zoo volunteer programs / Kirsten Holmes and Karen Smith -- I can't look : disgust as a factor in the zoos experience / Nancy Cushing and Kevin Markwell -- Visitor expectations and visit satisfaction at zoos / Gary Crilley -- Zoos and the media / Peter Mason -- Zoos Victoria : branding, marketing and designing multi-location zoos / Leanne White -- From Winnie-the-Pooh to Madagascar : fictional media images of the zoo experience / Warwick Frost -- Zoos and tourism in a changing world / Warwick Frost.
|
| 650 |
|
0 |
|a Zoos
|x Social aspects.
|
| 650 |
|
0 |
|a Wildlife conservation.
|
| 650 |
|
0 |
|a Tourism.
|
| 700 |
1 |
|
|a Frost, Warwick.
|
| 830 |
|
0 |
|a Aspects of tourism.
|
| 938 |
|
|
|a YBP Library Services
|b YANK
|n 100547251
|
| 938 |
|
|
|a Blackwell Book Service UK
|b BBUK
|n 100547249
|
| 938 |
|
|
|a Blackwell Book Service
|b BBUS
|n 100547249
|
| 945 |
|
|
|a PromptCat
|b 293169
|
| 946 |
|
|
|a stk
|
| 947 |
|
|
|a A14840617569
|
| 994 |
|
|
|a 92
|b TXA
|
| 948 |
|
|
|a Cataloged
|b h
|c 2011/3/30
|d c
|e EGrant
|
| 999 |
|
|
|a MARS
|
| 999 |
f |
f |
|s 37c2f876-fe26-3f3e-ad32-9fa347714ab1
|i 3d0d79aa-89f9-344e-827e-f8a22dfd1f5e
|t 0
|
| 952 |
f |
f |
|p normal
|a Texas A&M University
|b College Station
|c Sterling C. Evans Library
|d Evans: Library Stacks
|t 0
|e QL76 .Z754 2011
|h Library of Congress classification
|i unmediated -- volume
|m A14840617569
|
| 998 |
f |
f |
|a QL76 .Z754 2011
|t 0
|l Evans: Library Stacks
|